000 00334nab a22001097u 4500
008 130520b2010 xxu||||| |||| 00| 0 spa d
041 _aspa
100 1 _aBoyer, Frédéric
_983776
245 0 0 _a¿Por qué no comprendes mi lenguaje?
_cFrédéric Boyer
773 0 _tConcilium
_gnº335,2010,págs. 41-54
_x0210-1041
_wRev134
942 _cAR
999 _c414884
_d414884